Vlak divadiel stojí až na konečnej

Bibliographic Details
Main Author: Tinková, Alexandra (Author)
Format: Article
Language:Slovak
Subjects:

MARC

LEADER 00000nab a2200000 a 4500
001 vtls000614506
003 SK-MaSNL
005 20260303013739.0
008 160401c1997 xo 0 slo
015 |a SNBRB19rr/mm-uuuuu 
035 |a CL0614645 
040 |a SNKBUCL  |b slo  |c SNKBUCL  |e AACR2 
041 0 |a slo 
044 |a xo  |c SK 
080 |a 331.892:792(437.6)  |2 1981 
080 |a 792(437.6)  |2 1981 
080 |a 323.264(437.6)  |2 1981 
100 1 |a Tinková, Alexandra  |4 aut  |9 267019 
245 1 0 |a Vlak divadiel stojí až na konečnej  |c Alexandra Tinková 
650 0 7 |a divadlá  |2 snkbucl  |9 29113 
650 0 7 |a štrajky  |2 snkbucl  |9 4756 
655 7 |a články z novín a časopisov  |2 snkbucl  |9 267496 
773 0 |t Sme  |g Roč. 5 a 50, č. 56 (8. 3. 1997), s. 4 
850 |a Slovenská národná knižnica v Martine  |a MTA001 
852 |a SNK  |b KIS3GCP 
958 |a SK 
958 |a NX 
958 |a RK 
958 |a RBX 
999 |c 1604206  |d 1606136